000 00513nam a2200205Ia 4500
003 0100
008 130303s9999 xx 000 0 und d
040 _cARRUPELIB
050 _aB3258.H324C361995
245 4 _aThe Cambridge companion to Habermas
260 _aCambridge
260 _bCambridge University Press
260 _C1995
300 _aix
300 _b 354 p. 23cm.
650 _bScience--Philosophy
650 _cScience--Social aspects
700 _aWhite, Stephen K. (ed.)
942 0 0 _02
999 _c13145
_d13145